Elements of a Shakespearean Tragedy Quiz Stats

 Plays Quiz not verified by Sporcle

Challenge
Share
Tweet
Embed
Score 0/14 Timer 04:00
0 Plays Today
% Correct
Antagonist
82.3%
Tragedy
80%
Tragic hero
72.3%
Tragic flaw
70.6%
Tragic flaw
67.5%
Asides
66.6%
Tragic hero
64%
% Correct
Resolution
64%
Soliloquy
62.5%
Climax
54.2%
Climax
53%
Rising action
46.3%
Turning point
44.6%
Falling Action
44.4%

You're not logged in!

Compare scores with friends on all Sporcle quizzes.
Join for Free
OR
Log In

You Might Also Like...

Show Comments

Extras

Created Apr 25, 2014ReportNominate
Tags:Clickable Quiz, tragedy

Top Quizzes Today


Score Distribution

Your Account Isn't Verified!

In order to create a playlist on Sporcle, you need to verify the email address you used during registration. Go to your Sporcle Settings to finish the process.

Report this User

Report this user for behavior that violates our Community Guidelines.

Details: